00265nam a2200121Ia 4500100001900000650001600019366000700035654002200042245003800064260002100102300000800123546001200131 aKulkarni/ K.T  aAutomobiles f10 aIndustrial Safety aIntroduction to Industrial Safety bKulkarniaKalyan a189 aENGLISH